01428nab a2200385 a 450000100060000000300080000600500170001400600190003100700150005000800410006502200140010603500220012004000260014205000210016808000100018908200160019910000290021522200230024424501360026726000490040330000130045231000140046536200390047953301640051854600660068265000440074865000420079265000280083465000270086265500320088971000190092174000240094085600610096499900170102524472FlNmELB20241216214154.0m o d | cr cn|||||||||201206r2007 ck |||||s|||||||||||spa d a0123-3122 a(OCoLC)1105912442 aFlNmELBbspacFlNmELB 4aQH332bS468 2007 a17:6104a174.9572221 aSellés, Juan Fernando. 0aPersona y bioetica10aDistinción entre el hombre y el animal en sus funciones vegetativa y cinéticah[recurso electronico] /cJuan Fernando Sellés. a[Chia] :b[Universidad de la Sabana],c2007. a39-53 p. aSemestral0 aVol. 11, num. 1 (Enero-Jun. 2007)- aRecurso electrónico. Santa Fe, Arg.: e-libro, 2015. Disponible vía World Wide Web. El acceso puede estar limitado para las bibliotecas afiliadas a e-libro. aArtículos es español ; resumenes en español e inglés. 4aBioéticavPublicaciones periódicas. 4aMedicinavPublicaciones periódicas. 4aBioethicsvPeriodicals. 4aMedicinevPeriodicals. 4aArtículos electrónicos.2 ae-libro, Corp.02aPersona y bioetica.40uhttps://elibro.net/ereader/politecnicointernacional/6060 c24472d24472